Φορτώνει......

Mukti: novel

Λεπτομέρειες βιβλιογραφικής εγγραφής
Κύριος συγγραφέας: Dubey, Mahendra Nath
Μορφή: Printed Book
Γλώσσα:English
Έκδοση: New Delhi Vani Prakashan 1999
Θέματα:
LEADER 00631nam a2200253 a 4500
001 adlib96000001
003 ViArRB
005 20151026131845.0
008 960221s1955 dcuabcdjdbkoqu001 0deng d
020 |a 81-7055-683-X 
022
040 |a Adlib 
082 |a FH 
245 |a Mukti: novel 
250
260 |a New Delhi  |b Vani Prakashan  |c 1999 
300 |a 452p. 
500 |a   
100 |a Dubey, Mahendra Nath 
700
942 |c BK  |6 _ 
653 |a Fiction - Hindi Literature 
999 |c 36634  |d 36634 
952 |0 0  |1 0  |4 0  |6 FH_DUBMU  |7 0  |9 48372  |a UL  |b UL  |d 2010-06-16  |o FH DUB/MU  |p 00046100  |r 2010-06-16  |w 2010-06-16  |y BK